000 00358nam a2200109 4500
008 b xx# fre u
040 _aLB-BrCRDP
082 1 _a194
_bSIC
245 1 0 _aCinquante ans de philosophie française
_b3. Les années-structure, les années-révolte
_cBernard Sichère
942 _cBK
999 _c9687
_d9687